<?xml version="1.0" encoding="UTF-8"?>
<record
    xmlns:xsi="http://www.w3.org/2001/XMLSchema-instance"
    xsi:schemaLocation="http://www.loc.gov/MARC21/slim http://www.loc.gov/standards/marcxml/schema/MARC21slim.xsd"
    xmlns="http://www.loc.gov/MARC21/slim">

  <leader>00977nam a22002657a 4500</leader>
  <datafield tag="999" ind1=" " ind2=" ">
    <subfield code="c">78925</subfield>
    <subfield code="d">78925</subfield>
  </datafield>
  <controlfield tag="005">20210216125156.0</controlfield>
  <datafield tag="010" ind1=" " ind2=" ">
    <subfield code="a">B-495053-069     B-736886</subfield>
  </datafield>
  <datafield tag="020" ind1=" " ind2=" ">
    <subfield code="a">9789381626856</subfield>
    <subfield code="c">250.00</subfield>
  </datafield>
  <datafield tag="035" ind1=" " ind2=" ">
    <subfield code="a">B-495053-069</subfield>
  </datafield>
  <datafield tag="035" ind1=" " ind2=" ">
    <subfield code="a">B-736886</subfield>
  </datafield>
  <datafield tag="037" ind1=" " ind2=" ">
    <subfield code="a">BBB/VEN</subfield>
    <subfield code="b">dpl</subfield>
  </datafield>
  <datafield tag="037" ind1=" " ind2=" ">
    <subfield code="b">Gift/Eng/03-02-2021</subfield>
  </datafield>
  <datafield tag="082" ind1=" " ind2=" ">
    <subfield code="a">920</subfield>
  </datafield>
  <datafield tag="100" ind1=" " ind2=" ">
    <subfield code="a">Yasmin Khalid Rafi</subfield>
  </datafield>
  <datafield tag="245" ind1=" " ind2=" ">
    <subfield code="a">Mohammed Rafi:</subfield>
    <subfield code="b">My Abba- a Memoir / </subfield>
    <subfield code="c">by Yasmin Khalid Rafi ; translated from Hindi by Rupa Srikumar [and] A.K. Srikumar</subfield>
  </datafield>
  <datafield tag="260" ind1=" " ind2=" ">
    <subfield code="a">New Delhi</subfield>
    <subfield code="b">Tranquebar Press</subfield>
    <subfield code="c">2012</subfield>
  </datafield>
  <datafield tag="270" ind1=" " ind2=" ">
    <subfield code="a">93, 1st floor, Shyam Lal Road Daryaganj</subfield>
    <subfield code="b">New Delhi</subfield>
    <subfield code="e">110002</subfield>
  </datafield>
  <datafield tag="300" ind1=" " ind2=" ">
    <subfield code="a">xii,190p.:</subfield>
    <subfield code="b">ill.</subfield>
    <subfield code="c">20cm(pbk)</subfield>
  </datafield>
  <datafield tag="500" ind1=" " ind2=" ">
    <subfield code="a">include appendix</subfield>
  </datafield>
  <datafield tag="700" ind1=" " ind2=" ">
    <subfield code="a">Rupa Srikumar</subfield>
  </datafield>
  <datafield tag="700" ind1=" " ind2=" ">
    <subfield code="a">A.K. Srikumar</subfield>
  </datafield>
  <datafield tag="942" ind1=" " ind2=" ">
    <subfield code="2">ddc</subfield>
    <subfield code="c">EN</subfield>
    <subfield code="m">YAS</subfield>
    <subfield code="h">920</subfield>
  </datafield>
  <datafield tag="952" ind1=" " ind2=" ">
    <subfield code="0">0</subfield>
    <subfield code="1">0</subfield>
    <subfield code="4">0</subfield>
    <subfield code="7">0</subfield>
    <subfield code="8">NFIC</subfield>
    <subfield code="a">L</subfield>
    <subfield code="b">L</subfield>
    <subfield code="d">2013-12-23</subfield>
    <subfield code="e">BBB/10341/11.03.2013/168/08.03.2013/15.03.2013</subfield>
    <subfield code="g">250.00</subfield>
    <subfield code="l">0</subfield>
    <subfield code="o">782.1092 RAF</subfield>
    <subfield code="p">B-495053</subfield>
    <subfield code="r">2013-12-23 00:00:00</subfield>
    <subfield code="t">1</subfield>
    <subfield code="v">250.00</subfield>
    <subfield code="y">EN</subfield>
  </datafield>
  <datafield tag="952" ind1=" " ind2=" ">
    <subfield code="0">0</subfield>
    <subfield code="1">0</subfield>
    <subfield code="4">0</subfield>
    <subfield code="7">0</subfield>
    <subfield code="8">NFIC</subfield>
    <subfield code="a">M</subfield>
    <subfield code="b">M</subfield>
    <subfield code="d">2013-12-23</subfield>
    <subfield code="e">BBB/10341/11.03.2013/168/08.03.2013/15.03.2013</subfield>
    <subfield code="g">250.00</subfield>
    <subfield code="l">0</subfield>
    <subfield code="o">782.1092 RAF</subfield>
    <subfield code="p">B-495054</subfield>
    <subfield code="r">2013-12-23 00:00:00</subfield>
    <subfield code="t">2</subfield>
    <subfield code="v">250.00</subfield>
    <subfield code="y">EN</subfield>
  </datafield>
  <datafield tag="952" ind1=" " ind2=" ">
    <subfield code="0">0</subfield>
    <subfield code="1">5</subfield>
    <subfield code="4">0</subfield>
    <subfield code="7">0</subfield>
    <subfield code="8">NFIC</subfield>
    <subfield code="a">M</subfield>
    <subfield code="b">M</subfield>
    <subfield code="d">2013-12-23</subfield>
    <subfield code="e">BBB/10341/11.03.2013/168/08.03.2013/15.03.2013</subfield>
    <subfield code="g">250.00</subfield>
    <subfield code="l">0</subfield>
    <subfield code="o">782.1092 RAF</subfield>
    <subfield code="p">B-495055</subfield>
    <subfield code="r">2013-12-23 00:00:00</subfield>
    <subfield code="t">2</subfield>
    <subfield code="v">250.00</subfield>
    <subfield code="y">EN</subfield>
  </datafield>
  <datafield tag="952" ind1=" " ind2=" ">
    <subfield code="0">0</subfield>
    <subfield code="1">5</subfield>
    <subfield code="4">0</subfield>
    <subfield code="7">0</subfield>
    <subfield code="8">NFIC</subfield>
    <subfield code="a">BL1</subfield>
    <subfield code="b">BL1</subfield>
    <subfield code="d">2013-12-23</subfield>
    <subfield code="e">BBB/10341/11.03.2013/168/08.03.2013/15.03.2013</subfield>
    <subfield code="g">250.00</subfield>
    <subfield code="l">0</subfield>
    <subfield code="o">782.1092 RAF</subfield>
    <subfield code="p">B-495056</subfield>
    <subfield code="r">2013-12-23 00:00:00</subfield>
    <subfield code="t">1</subfield>
    <subfield code="v">250.00</subfield>
    <subfield code="y">EN</subfield>
  </datafield>
  <datafield tag="952" ind1=" " ind2=" ">
    <subfield code="0">0</subfield>
    <subfield code="1">0</subfield>
    <subfield code="4">0</subfield>
    <subfield code="7">0</subfield>
    <subfield code="8">NFIC</subfield>
    <subfield code="a">KGM</subfield>
    <subfield code="b">KGM</subfield>
    <subfield code="d">2013-12-23</subfield>
    <subfield code="e">BBB/10341/11.03.2013/168/08.03.2013/15.03.2013</subfield>
    <subfield code="g">250.00</subfield>
    <subfield code="l">0</subfield>
    <subfield code="o">782.1092 RAF</subfield>
    <subfield code="p">B-495057</subfield>
    <subfield code="r">2013-12-23 00:00:00</subfield>
    <subfield code="t">1</subfield>
    <subfield code="v">250.00</subfield>
    <subfield code="y">EN</subfield>
  </datafield>
  <datafield tag="952" ind1=" " ind2=" ">
    <subfield code="0">0</subfield>
    <subfield code="1">0</subfield>
    <subfield code="4">0</subfield>
    <subfield code="7">0</subfield>
    <subfield code="8">NFIC</subfield>
    <subfield code="a">PR</subfield>
    <subfield code="b">PR</subfield>
    <subfield code="d">2013-12-23</subfield>
    <subfield code="e">BBB/10341/11.03.2013/168/08.03.2013/15.03.2013</subfield>
    <subfield code="g">250.00</subfield>
    <subfield code="l">0</subfield>
    <subfield code="o">782.1092 RAF</subfield>
    <subfield code="p">B-495058</subfield>
    <subfield code="r">2013-12-23 00:00:00</subfield>
    <subfield code="t">1</subfield>
    <subfield code="v">250.00</subfield>
    <subfield code="y">EN</subfield>
  </datafield>
  <datafield tag="952" ind1=" " ind2=" ">
    <subfield code="0">0</subfield>
    <subfield code="1">0</subfield>
    <subfield code="4">0</subfield>
    <subfield code="7">0</subfield>
    <subfield code="8">NFIC</subfield>
    <subfield code="a">TN</subfield>
    <subfield code="b">TN</subfield>
    <subfield code="d">2013-12-23</subfield>
    <subfield code="e">BBB/10341/11.03.2013/168/08.03.2013/15.03.2013</subfield>
    <subfield code="g">250.00</subfield>
    <subfield code="l">0</subfield>
    <subfield code="o">782.1092 RAF</subfield>
    <subfield code="p">B-495059</subfield>
    <subfield code="r">2013-12-23 00:00:00</subfield>
    <subfield code="t">1</subfield>
    <subfield code="v">250.00</subfield>
    <subfield code="y">EN</subfield>
  </datafield>
  <datafield tag="952" ind1=" " ind2=" ">
    <subfield code="0">0</subfield>
    <subfield code="1">0</subfield>
    <subfield code="4">0</subfield>
    <subfield code="7">0</subfield>
    <subfield code="8">NFIC</subfield>
    <subfield code="a">CJ</subfield>
    <subfield code="b">CJ</subfield>
    <subfield code="d">2013-12-23</subfield>
    <subfield code="e">BBB/10341/11.03.2013/168/08.03.2013/15.03.2013</subfield>
    <subfield code="g">250.00</subfield>
    <subfield code="l">0</subfield>
    <subfield code="o">782.1092 RAF</subfield>
    <subfield code="p">B-495060</subfield>
    <subfield code="r">2013-12-23 00:00:00</subfield>
    <subfield code="t">1</subfield>
    <subfield code="v">250.00</subfield>
    <subfield code="y">EN</subfield>
  </datafield>
  <datafield tag="952" ind1=" " ind2=" ">
    <subfield code="0">0</subfield>
    <subfield code="1">0</subfield>
    <subfield code="4">0</subfield>
    <subfield code="7">0</subfield>
    <subfield code="8">NFIC</subfield>
    <subfield code="a">JP</subfield>
    <subfield code="b">JP</subfield>
    <subfield code="d">2013-12-23</subfield>
    <subfield code="e">BBB/10341/11.03.2013/168/08.03.2013/15.03.2013</subfield>
    <subfield code="g">250.00</subfield>
    <subfield code="l">8</subfield>
    <subfield code="o">782.1092 RAF</subfield>
    <subfield code="p">B-495061</subfield>
    <subfield code="r">2019-07-23 00:00:00</subfield>
    <subfield code="s">2019-07-10</subfield>
    <subfield code="t">1</subfield>
    <subfield code="v">250.00</subfield>
    <subfield code="y">EN</subfield>
  </datafield>
  <datafield tag="952" ind1=" " ind2=" ">
    <subfield code="0">0</subfield>
    <subfield code="1">0</subfield>
    <subfield code="4">0</subfield>
    <subfield code="7">0</subfield>
    <subfield code="8">NFIC</subfield>
    <subfield code="a">ZLS</subfield>
    <subfield code="b">ZLS</subfield>
    <subfield code="d">2013-12-23</subfield>
    <subfield code="e">BBB/10341/11.03.2013/168/08.03.2013/15.03.2013</subfield>
    <subfield code="g">250.00</subfield>
    <subfield code="l">1</subfield>
    <subfield code="m">1</subfield>
    <subfield code="o">782.1092 RAF</subfield>
    <subfield code="p">B-495062</subfield>
    <subfield code="r">2023-04-25 00:00:00</subfield>
    <subfield code="s">2023-03-28</subfield>
    <subfield code="t">1</subfield>
    <subfield code="v">250.00</subfield>
    <subfield code="y">EN</subfield>
  </datafield>
  <datafield tag="952" ind1=" " ind2=" ">
    <subfield code="0">0</subfield>
    <subfield code="1">0</subfield>
    <subfield code="4">0</subfield>
    <subfield code="7">0</subfield>
    <subfield code="8">NFIC</subfield>
    <subfield code="a">BL3</subfield>
    <subfield code="b">BL3</subfield>
    <subfield code="d">2013-12-23</subfield>
    <subfield code="e">BBB/10341/11.03.2013/168/08.03.2013/15.03.2013</subfield>
    <subfield code="g">250.00</subfield>
    <subfield code="l">0</subfield>
    <subfield code="o">782.1092 RAF</subfield>
    <subfield code="p">B-495063</subfield>
    <subfield code="r">2013-12-23 00:00:00</subfield>
    <subfield code="t">1</subfield>
    <subfield code="v">250.00</subfield>
    <subfield code="y">EN</subfield>
  </datafield>
  <datafield tag="952" ind1=" " ind2=" ">
    <subfield code="0">0</subfield>
    <subfield code="1">0</subfield>
    <subfield code="4">0</subfield>
    <subfield code="7">0</subfield>
    <subfield code="8">NFIC</subfield>
    <subfield code="a">NRR</subfield>
    <subfield code="b">NRR</subfield>
    <subfield code="d">2013-12-23</subfield>
    <subfield code="e">BBB/10341/11.03.2013/168/08.03.2013/15.03.2013</subfield>
    <subfield code="g">250.00</subfield>
    <subfield code="l">0</subfield>
    <subfield code="o">782.1092 RAF</subfield>
    <subfield code="p">B-495064</subfield>
    <subfield code="r">2013-12-23 00:00:00</subfield>
    <subfield code="t">1</subfield>
    <subfield code="v">250.00</subfield>
    <subfield code="y">EN</subfield>
  </datafield>
  <datafield tag="952" ind1=" " ind2=" ">
    <subfield code="0">0</subfield>
    <subfield code="1">0</subfield>
    <subfield code="4">0</subfield>
    <subfield code="7">0</subfield>
    <subfield code="8">NFIC</subfield>
    <subfield code="a">BKK</subfield>
    <subfield code="b">BKK</subfield>
    <subfield code="d">2013-12-23</subfield>
    <subfield code="e">BBB/10341/11.03.2013/168/08.03.2013/15.03.2013</subfield>
    <subfield code="g">250.00</subfield>
    <subfield code="l">0</subfield>
    <subfield code="o">782.1092 RAF</subfield>
    <subfield code="p">B-495065</subfield>
    <subfield code="r">2013-12-23 00:00:00</subfield>
    <subfield code="t">1</subfield>
    <subfield code="v">250.00</subfield>
    <subfield code="y">EN</subfield>
  </datafield>
  <datafield tag="952" ind1=" " ind2=" ">
    <subfield code="0">0</subfield>
    <subfield code="1">0</subfield>
    <subfield code="4">0</subfield>
    <subfield code="7">0</subfield>
    <subfield code="8">NFIC</subfield>
    <subfield code="a">NR</subfield>
    <subfield code="b">NR</subfield>
    <subfield code="d">2013-12-23</subfield>
    <subfield code="e">BBB/10341/11.03.2013/168/08.03.2013/15.03.2013</subfield>
    <subfield code="g">250.00</subfield>
    <subfield code="l">0</subfield>
    <subfield code="o">782.1092 RAF</subfield>
    <subfield code="p">B-495066</subfield>
    <subfield code="r">2013-12-23 00:00:00</subfield>
    <subfield code="t">1</subfield>
    <subfield code="v">250.00</subfield>
    <subfield code="y">EN</subfield>
  </datafield>
  <datafield tag="952" ind1=" " ind2=" ">
    <subfield code="0">0</subfield>
    <subfield code="1">0</subfield>
    <subfield code="4">0</subfield>
    <subfield code="7">0</subfield>
    <subfield code="8">NFIC</subfield>
    <subfield code="a">BL4</subfield>
    <subfield code="b">BL4</subfield>
    <subfield code="d">2013-12-23</subfield>
    <subfield code="e">BBB/10341/11.03.2013/168/08.03.2013/15.03.2013</subfield>
    <subfield code="g">250.00</subfield>
    <subfield code="l">2</subfield>
    <subfield code="m">1</subfield>
    <subfield code="o">782.1092 RAF</subfield>
    <subfield code="p">B-495067</subfield>
    <subfield code="r">2019-11-23 00:00:00</subfield>
    <subfield code="s">2019-10-05</subfield>
    <subfield code="t">1</subfield>
    <subfield code="v">250.00</subfield>
    <subfield code="y">EN</subfield>
  </datafield>
  <datafield tag="952" ind1=" " ind2=" ">
    <subfield code="0">0</subfield>
    <subfield code="1">0</subfield>
    <subfield code="4">0</subfield>
    <subfield code="7">0</subfield>
    <subfield code="8">NFIC</subfield>
    <subfield code="a">YV</subfield>
    <subfield code="b">YV</subfield>
    <subfield code="d">2013-12-23</subfield>
    <subfield code="e">BBB/10341/11.03.2013/168/08.03.2013/15.03.2013</subfield>
    <subfield code="g">250.00</subfield>
    <subfield code="l">0</subfield>
    <subfield code="o">782.1092 RAF</subfield>
    <subfield code="p">B-495068</subfield>
    <subfield code="r">2013-12-23 00:00:00</subfield>
    <subfield code="t">1</subfield>
    <subfield code="v">250.00</subfield>
    <subfield code="y">EN</subfield>
  </datafield>
  <datafield tag="952" ind1=" " ind2=" ">
    <subfield code="0">0</subfield>
    <subfield code="1">0</subfield>
    <subfield code="4">0</subfield>
    <subfield code="7">0</subfield>
    <subfield code="8">NFIC</subfield>
    <subfield code="a">L</subfield>
    <subfield code="b">L</subfield>
    <subfield code="d">2013-12-23</subfield>
    <subfield code="e">BBB/10341/11.03.2013/168/08.03.2013/15.03.2013</subfield>
    <subfield code="g">250.00</subfield>
    <subfield code="l">0</subfield>
    <subfield code="o">782.1092 RAF</subfield>
    <subfield code="p">B-495069</subfield>
    <subfield code="r">2013-12-23 00:00:00</subfield>
    <subfield code="t">1</subfield>
    <subfield code="v">250.00</subfield>
    <subfield code="y">EN</subfield>
  </datafield>
  <datafield tag="952" ind1=" " ind2=" ">
    <subfield code="0">0</subfield>
    <subfield code="1">0</subfield>
    <subfield code="4">0</subfield>
    <subfield code="7">0</subfield>
    <subfield code="8">NFIC</subfield>
    <subfield code="a">L</subfield>
    <subfield code="b">L</subfield>
    <subfield code="d">2021-02-16</subfield>
    <subfield code="e">Gift/Eng/03-02-2021</subfield>
    <subfield code="g">250.00</subfield>
    <subfield code="l">3</subfield>
    <subfield code="m">2</subfield>
    <subfield code="o">920 YAS</subfield>
    <subfield code="p">B-736886</subfield>
    <subfield code="r">2024-11-13 00:00:00</subfield>
    <subfield code="s">2024-10-18</subfield>
    <subfield code="t">1</subfield>
    <subfield code="v">250.00</subfield>
    <subfield code="w">2021-02-16</subfield>
    <subfield code="y">EN</subfield>
  </datafield>
</record>
